O Gigante e os Morangos (Registo nº 201307)
[ vista simples ]
| 000 -Etiqueta do registo | |
|---|---|
| Valores | 00753nam 22002413 4500 |
| 010 ## - Número ISBN | |
| ISBN | 972-750-842-1 |
| 021 ## - Número do Depósito Legal | |
| Código do país | Portugal |
| Número | 153980/00 |
| 100 ## - Dados gerais de processamento | |
| Dados gerais | 20260316d u||y0pory50 ba |
| 101 ## - Língua de publicação | |
| Língua | Português |
| 102 ## - País de publicação | |
| País | Portugal |
| 200 ## - Titulo e menção de responsabilidade | |
| Título próprio | O Gigante e os Morangos |
| Primeira menção de responsabilidade | Anabela Batista |
| Outras menções de responsabilidade | Ilustração de Raffaello Bergonse |
| 210 ## - Publicação | |
| Local de publicação | Rio de Mouro |
| Nome do editor | Everest Editora |
| Data de publicação | 2000 |
| 215 ## - Descrição física | |
| Paginação / Volumes | 45, [3] p. : todo il. |
| Outras indicações físicas | Brochado |
| Dimensões | 21 x 19 cm |
| 225 ## - Colecção | |
| Título próprio da colecção | Montanha Encantada |
| 606 ## - Nome comum usado como assunto | |
| ID Autoridade | 22 |
| Palavra de ordem | Literatura Infantil Portuguesa |
| 675 ## - CDU | |
| Notação | 821.134.3-93/BAT/GIG |
| Edição | PT |
| Língua | por |
| 700 ## - Autor principal (pessoa individual) | |
| ID Autoridade | 16860 |
| Apelido | Batista |
| Nome | Anabela |
| 701 ## - Co-autor principal (pessoa individual) | |
| ID Autoridade | 2516 |
| Apelido | Bergonse |
| Nome | Raffaello |
| Datas | 1978 |
| 801 ## - Fonte de origem | |
| País | PT |
| Agência | BMMN |
| Regras de catalogação | RPC |
| 830 ## - Notas gerais do catalogador | |
| Criado por | Carlos Pinto |
| Data de criação | 16-03-2026 |
| Indexado por | Carlos Pinto |
| 990 ## - Elementos KOHA | |
| Tipo de documento | Livro |
| Situação do levantamento | Biblioteca de origem | Código de barras | Cota | Permissão de empréstimo | Tipo de documento | Forma de aquisição |
|---|---|---|---|---|---|---|
| Biblioteca Escolar Ciborro | 30619 | 821.134.3-93/BAT/GIG | Livro | Oferta |